Handbook of chemical engineering calculations /
Guardado en:
| Otros Autores: | , |
|---|---|
| Formato: | Libro |
| Idioma: | English |
| Publicado: |
New York :
McGraw-Hill,
c1984.
|
| Materias: | |
| Etiquetas: |
Agregar Etiqueta
Sin Etiquetas, Sea el primero en etiquetar este registro!
|
| LEADER | 00812pam a22002175a 4500 | ||
|---|---|---|---|
| 001 | EIQ.libpla001801 | ||
| 008 | 830426s1984####nyua#####b####001#0#eng#d | ||
| 005 | 20070208153340.0 | ||
| 245 | 0 | 0 | |a Handbook of chemical engineering calculations / |c Nicholas P. Chopey, editor ; Tyler G. Hicks, series editor. |
| 260 | |a New York : |b McGraw-Hill, |c c1984. | ||
| 300 | |a 1 v. (en varias paginaciones) : |b il. ; |c 24 cm. | ||
| 504 | |a Incluye referencias bibliográficas e índice. | ||
| 020 | |a 0070108056 | ||
| 700 | 1 | |a Chopey, Nicholas P., |e ed. |4 edt | |
| 700 | 1 | |a Chopey, Nicholas P. | |
| 082 | 0 | 0 | |a 660.2/0212 |2 19 |
| 650 | 0 | |a Ingeniería química |x Matemática. | |
| 650 | 0 | |a Chemical engineering |x Mathematics. | |
| 010 | |a 83009435 | ||
| 040 | |a DLC |c DLC |d AR-BbSID | ||
| 859 | |a AR-BbSID |b BIB. PLAPIQUI |h 660.202 12 |i H 192 |k R |p 3827 | ||
